000 00338pam a2200157a 44500
008 230515b1980 xxu||||| |||| 00| 0 eng d
020 _aNULL
041 _aENGL
082 _a530.13 /HUA
100 _aHUANG K.
245 _aSTATISTICAL MECHANICS
250 _a2
260 _aNULL
_bJOHN
_c1980
300 _a403 PB
650 _aNULL
999 _c623585
_d623585